| 000 | 11141nam a22007337a 4500 | ||
|---|---|---|---|
| 005 | 20111108104714.0 | ||
| 010 | _a B-455605-646 | ||
| 020 |
_a9789380246048 _c250.00 |
||
| 035 | _a B-455605-646 | ||
| 037 | _b ब्लूबेरी बुक्स | ||
| 082 | _aक | ||
| 245 |
_aमुल्ला नसरूद्दीन के किस्से / _cसुबोध गर्ग द्वारा संपादित |
||
| 246 | _aMulla Nasruddin ke kisse | ||
| 260 |
_a नई दिल्ली _b स्काई बुक्स इंटरनेशनल _c2012 |
||
| 270 |
_a1/1079-ई, महरौली _b नई दिल्ली _e110030 |
||
| 300 |
_a160पृ. _bसचित्र _c24सेमी (सजिल्द) |
||
| 650 |
_aबाल कहानियाँ _91328 |
||
| 650 |
_aChildren stories _943638 |
||
| 700 |
_aगर्ग, सुबोध _926081 |
||
| 942 |
_adpl _cCH _2ddc _hक _mमुल्लान |
||
| 999 |
_c58188 _d58188 |
||